000 00682cab a2200217 4500
001 WB3435-24
008 090401t1998 xxu||||| |||| 00| 0 eng d
035 _a(Sirsi) u88505
041 _aeng
245 _aFirms wary of payment law
260 _c1998
350 _a0
490 _aSunday Times
_v13 September 1998, 3.14(1)
520 _aExamines what difference the legal right to claim interest on late payment of bills will have small firms when it becomes law in November.
650 _aLATE PAYMENT OF COMMERCIAL DEBTS (INTEREST) ACT 1998
650 _aLATE PAYMENTS
650 _aSMALL FIRMS
690 _aECONOMIC AND SOCIAL
942 _n0
948 _c15/09/1998
999 _c55922
_d55922